| 000 | 01075cam a22003257a 4500 | ||
|---|---|---|---|
| 003 | CHAP | ||
| 005 | 20220329142501.0 | ||
| 008 | 010605d mx r 00110 spa d | ||
| 010 | _a84122 | ||
| 011 | _a85094 | ||
| 035 | _a95624 | ||
| 040 | _cCHAP | ||
| 090 | _aFolleto 16279 | ||
| 110 | 2 |
_aBayer de México _910996 |
|
| 245 | 1 | 0 |
_aBayfolan : _bnutrimentos para aplicación foliar _c/por Bayer de México |
| 260 |
_aMéxico, D.F. : _bBayer de México, _c1986. |
||
| 300 | _aHoja desplegable | ||
| 590 |
_aBATCH-UPD _b10 _c20130110 _lUCH01 _h1749 |
||
| 590 |
_aBATCH-UPD _b10 _c20130410 _lUCH01 _h1127 |
||
| 590 |
_aBATCH-UPD _b10 _c20130914 _lUCH01 _h1122 |
||
| 590 |
_aCONVERSION _b10 _c20130109 _lUCH01 _h1347 |
||
| 650 | 1 | 4 |
_aCultivos _xRendimiento. _930318 |
| 650 | 1 | 4 |
_aFertilizantes _xEfecto en cultivos. _940505 |
| 650 | 1 | 4 |
_aPlantas _xNutrición. _988874 |
| 901 | _aBK | ||
| 905 | _aAlejandra Carrasco M. | ||
| 942 | _cFOLL | ||
| 949 |
_aFolleto 16279 _bBC _cFOLL _d33724002016975 _eTS1 _i95624 _sb |
||
| 949 |
_aFolleto 16279 _bBC _cFOLL _d33724002017017 _eTS2 _fc.2 _i95624 _sb |
||
| 999 |
_c84122 _d84122 |
||